Grey's Anatomy Musical 2011 Quiz Stats

 Plays Quiz not verified by Sporcle

Also try: TV Sisters
Challenge
Share
Tweet
Embed
Score 0/20 Timer 08:00
1 Play Today
Questions Answers % Correct
When the baby is born who gets it's heart beat going?Arizona
79.7%
Which character sings How we Operate?Owen
77.7%
Who disagrees with Cristina's method to save Callie?Teddy
67.8%
Finish the line: 'I asked her to marry me and a truck...'came out of nowhere
66.8%
When Callie woke up, what were her first words?Yes, I'll marry you yes
65.9%
Who threw Dr. Lucy Fields out of Callie's room?Addison
64.6%
Who originally sang 'Chasing Cars'Snow Patrol
64.2%
What song did nurse Eli, Henry Burton, and Alex Karev contribute to?Running on Sunshine
61%
Which actor/actress sings Breathe?Chyler Leigh
60.3%
What nickname does Karev give to the hospital?Seattle Grace Mercy Death
57.8%
Questions Answers % Correct
Who breaks the news to Mark about Callie's accident?Meredith
56.5%
During a fight over Callie and the baby, Mark calls ArizonaNothing
53.7%
Callie and Arizona sing what duet together?The Universe and U
49.8%
Lexie and April sing backup for Bailey to which song?Wait
45.3%
Which song was NOT in a previous grey's anatomy episode?The Story
44.4%
Finish the Lyric of How to Save a Life 'Try to slip past his defense...without granting innocence
42.7%
What song is this from? 'I'm on my knees, only memories are left for me to hold'Grace
39.6%
How many songs are in the album?Nine
39.5%
Which song is not a part of the album, but was briefly sung before the credits?Cosy in a Rocket
20.8%
What day did the musical originally air?March 31
17.9%

You're not logged in!

Compare scores with friends on all Sporcle quizzes.
OR
Log In

You Might Also Like...

Show Comments

Extras

Top Quizzes Today


Score Distribution

Your Account Isn't Verified!

In order to create a playlist on Sporcle, you need to verify the email address you used during registration. Go to your Sporcle Settings to finish the process.

Report this User

Report this user for behavior that violates our Community Guidelines.

Details: